Historia de las revoluciones de la provincia del Paraguay (Record no. 94807)

MARC details
000 -LEADER
campo de control de longitud fija 00985nam a2200265 i 4500
001 - NÚMERO DE CONTROL
campo de control 94807
003 - IDENTIFICADOR DE NÚMERO DE CONTROL
campo de control ES-MaACL
005 - FECHA Y HORA DE LA ÚLTIMA TRANSACCIÓN
campo de control 20250820095810.0
007 - CAMPO FIJO DE DESCRIPCIÓN FÍSICA--INFORMACIÓN GENERAL
campo de control de longitud fija t|
008 - DATOS DE LONGITUD FIJA--INFORMACIÓN GENERAL
campo de control de longitud fija 050516s1905 ag ||||1| spa d
080 ## - NÚMERO DE LA CLASIFICACIÓN DECIMAL UNIVERSAL
Número de la Clasificación Decimal Universal 989.2"17"
080 ## - NÚMERO DE LA CLASIFICACIÓN DECIMAL UNIVERSAL
Número de la Clasificación Decimal Universal 271.5(892)"16/17"
100 1# - ENTRADA PRINCIPAL--NOMBRE DE PERSONA
Nombre de persona Lozano, Pedro.
9 (RLIN) 74425
245 10 - MENCIÓN DEL TÍTULO
Título Historia de las revoluciones de la provincia del Paraguay
Resto del título : (1721-1735) /
Mención de responsabilidad, etc. Pedro Lozano.
260 ## - PUBLICACIÓN, DISTRIBUCIÓN, ETC.
Lugar de publicación, distribución, etc. Buenos Aires :
Nombre del editor, distribuidor, etc. Cabaut y Cía.,
Fecha de publicación, distribución, etc. 1905.
300 ## - DESCRIPCIÓN FÍSICA
Extensión 2 v. ;
Dimensiones 23 cm.
490 1# - MENCIÓN DE SERIE
Mención de serie Biblioteca de la Junta de Historia y Numismática Americana ;
Designación de volumen o secuencia 2
505 8# - NOTA DE CONTENIDO CON FORMATO
Nota de contenido con formato Contiene: T.I. Antequera -- T.II. Los comuneros
600 14 - PUNTO DE ACCESO ADICIONAL DE MATERIA--NOMBRE DE PERSONA
Nombre de persona Antequera y Castro, José de.
9 (RLIN) 141220
610 24 - PUNTO DE ACCESO ADICIONAL DE MATERIA--NOMBRE DE ENTIDAD CORPORATIVA
Nombre de entidad corporativa o nombre de jurisdicción como elemento de entrada Jesuitas-
Subdivisión geográfica Paraguay
9 (RLIN) 5360
651 #4 - PUNTO DE ACCESO ADICIONAL DE MATERIA--NOMBRE GEOGRÁFICO
Nombre geográfico Paraguay-
Subdivisión general Historia-
Subdivisión cronológica 1717-1735, Revolución de los Comuneros.
9 (RLIN) 141219
830 0# - PUNTO DE ACCESO ADICIONAL DE SERIE-TÍTULO UNIFORME
Título uniforme Biblioteca de la Junta de Historia y Numismática Americana ;
Designación de volumen o secuencia 2
9 (RLIN) 187162
852 ## - LOCALIZACIÓN
Ubicación ES-MaACL
Número de control de estantería D-4062-63
Holdings
Estatus retirado Estado de pérdida Estado de daño No para préstamo Biblioteca de origen Biblioteca actual Ubicación en estantería Fecha de adquisición Fuente de adquisición Total de préstamos Signatura topográfica completa Código de barras Visto por última vez Precio de reemplazo Tipo de ítem Koha
        Biblioteca del Ateneo de Madrid Biblioteca del Ateneo de Madrid Sala Valle Inclán 17/01/2008     D-4062-63 901099010 23/02/2023 23/02/2023 Libro impreso